000 00427nam a2200181Ia 4500
001 18367
005 20260306171625.0
008 260306s9999||||xx |||||||||||||| ||und||
041 _aESP
082 _a658.4034
_bM84
100 _aMonks, Joseph G.
_eAUT
245 0 _aAdministración de operaciones
260 _c1991
300 _a411 páginas :
_c23 cm.
650 _aGEN
654 _aCAN
942 _cLIB
_dJUS
_fJUS
_2ddc
_n
999 _c18367
_d18367